The Mighty Quiz of Boosh - Statistics

General Stats
  • This quiz has been taken 279 times
  • The average score is 13 of 20
Answer Stats
Hint Answer % Correct
1. Julian Barratt Howard Moon
96%
3. Mike Fielding Naboo
95%
2. Noel Fielding Vince Noir
95%
6. "I'm Old......" Gregg
92%
4. Dave Brown Bollo
91%
7. How many seasons? 3
90%
19. Cheese is a kind of _____! Meat
83%
9. Funk is the deformed cousin of what musical genre? Jazz
82%
5. Rich Fulcher Bob Fossil
77%
13. It is impossible to be unhappy in a ________ Poncho
77%
16. Vince's pink, gelatinous friend: Charlie
65%
14. Wind my only friend..... I hate you
60%
11. Fashionable Magazine, delivered every three hours by ninjas: Cheekbone
56%
12. The most powerful hairspray known to man: Goth Juice
52%
15. Eating rancid coconuts makes you: Coco-Loco
49%
20. This quiz is over.... But is it really over?
35%
10. Folk/Rap combo Crimp
35%
8. "They're like_______'s eyes, embedded in a man's face" Cockerel
23%
17. Other tasty flavours of Boosh? Arctic, Auto
5%
18. Booshy birthplace? Hen and Chickens
5%
No matching quizzes found
Score Distribution
Percent of People with Each Score
Percentile by Number Answered
Your Score History
You have not taken this quiz